Footballers with the most followers - Statistics

General Stats
  • This quiz has been taken 51 times
  • The average score is 6 of 10
Answer Stats
Followers Players % Correct
505m Messi
100%
652m Ronaldo
100%
230m Neymar
94%
124m Mbappe
87%
76m Benzema
51%
65m Salah
40%
77m Ronaldinho
38%
88m Beckham
36%
69m Marcelo
28%
66m Ramos
26%
No matching quizzes found
Score Distribution
Percent of People with Each Score
Percentile by Number Answered
Your Score History
You have not taken this quiz